000 00613nam a22001937a 4500
003 OSt
005 20260422085449.0
008 260422b |||||||| |||| 00| 0 eng d
020 _a 0-534-61239-3
040 _aDWC-Main lib
_cOC
082 _27th ed.
_aCirc. 150 V235s 2003
100 _aValentino, Lisa
245 _aStudy guide for ratmu's psychology:
_bconcepts and connections/
_cLisa Valentino
250 _a 7th ed.
260 _a CA:
_bThomson Wadsworth,
_cc2003.
300 _a278 p. ;
_c28 cm.
650 _a1. Psychology - Analysis, Reflections, etc.
942 _2ddc
_cBK-CIRC
_e7th ed.
_kCirc.
_n0
999 _c9740
_d9740